Statistics for Countries, US States, Capitals, Elements, 100 Most Common Words: Athens/Yaren +-2 letters

Click here to take the quiz!

General Stats

  • This quiz has been taken 36 times
    (28 since last reset)
  • The average score is 5 of 18

Answer Stats

# lettersANSWER% Correct
4Then
78%
4Year
61%
7Yerevan
57%
4Than
52%
3Any
48%
5These
48%
6Tehran
30%
7Germany
22%
5Kenya
22%
4Iran
17%
4Bern
13%
7Estonia
9%
6Niamey
9%
6Norway
9%
8Tashkent
9%
5Texas
9%
6France
4%
7Santa Fe
0%

Score Distribution

Percentile by Number Answered

Percent of People with Each Score

Your Score History

You have not taken this quiz since the last reset